00885nam a2200145 4500008001700000020001800017082002200035100001800057245004600075260006100121300003400182505039400216650008500610700004400695759.972.86 R934y a9879968530149 a759.972.86bR934y aRuiz, Sofía aYo soy los otros:buna fisonomía propia aSan José, C.R.bFundación Museos Banco Centralc2013 a88 p.bill (col)c11 x 8.5 cm tPresentacióntAgradecimientostIntroduccióntAcerca de la artistatUna fisonomía propia ¿Quién soy yo para mí? ¿Quién soy yo para los otros?tMás allá de lo retratado: asuntos de familiatDel jardín del inconsciente a los refugios mentalestDesde los otrostMás allá de lo real: la realidadtUna fisonomía propiatSofía RuiztCatálogo de obras en exhibición xarte contemporáneoxarte - exhibicionesxarte - pinturaxpintura costarricense aMonge Picado, María José (curadora)